| 000 | 00663nam a2200229 a 4500 | ||
|---|---|---|---|
| 001 | BRL_288 | ||
| 005 | 20190320210654.0 | ||
| 008 | 220713s1961----mx-o######---#000-0#spa-# | ||
| 041 | _aspa | ||
| 044 | _amx | ||
| 050 | 4 |
_aNA5257.H5 _b.C37 1961 |
|
| 100 | 1 |
_aCarrillo y Gariel, Abelardo _91363 |
|
| 245 | 1 | 0 |
_aIxmiquilpan _cAbelardo Carrillo y Gariel. |
| 260 |
_aMéxico _bINAH _c1961 |
||
| 300 |
_a49 p. _bil. _c23 cm. |
||
| 440 | 0 |
_aINAH, Dirección de Monumentos Coloniales _v13 _923466 |
|
| 500 | _aAu2365 | ||
| 650 | 1 | 4 |
_aPintura y decoración de murales _95595 |
| 651 | 4 |
_aIxmiquilpan, México San Miguel (Iglesia) _97915 |
|
| 902 | _aGRL | ||
| 942 |
_2lcc _cB |
||
| 999 |
_c9101 _d9101 |
||